University Home | Library Home | Institutional Repository

The Reed & Carnrick manual on the office management of colon and rectal diseases / (Record no. 43287)

MARC details
000 -LEADER
fixed length control field 00769cam3a220022900 4500
001 - CONTROL NUMBER
control field qce01649588
005 - DATE AND TIME OF LATEST TRANSACTION
control field 20190813173905.0
008 - FIXED-LENGTH DATA ELEMENTS--GENERAL INFORMATION
fixed length control field 830812s1976 njua b 000 0 eng d
035 ## - SYSTEM CONTROL NUMBER
System control number (Sirsi) r24187
035 ## - SYSTEM CONTROL NUMBER
System control number (QCAT)lss03847283
035 ## - SYSTEM CONTROL NUMBER
System control number (UPRA)qce01649588
040 ## - CATALOGING SOURCE
Modifying agency UPRA
100 1# - MAIN ENTRY--PERSONAL NAME
Personal name Kratzer, Guy L.
Linkage A86439.1
245 14 - TITLE STATEMENT
Title The Reed & Carnrick manual on the office management of colon and rectal diseases /
Statement of responsibility, etc. Guy L. Kratzer.
260 ## - PUBLICATION, DISTRIBUTION, ETC.
Place of publication, distribution, etc. Kenilworth, NJ :
Name of publisher, distributor, etc. Reed & Carnick,
Date of publication, distribution, etc. 1976.
504 ## - BIBLIOGRAPHY, ETC. NOTE
Bibliography, etc. note Includes bibliographical references.
650 #2 - SUBJECT ADDED ENTRY--TOPICAL TERM
Topical term or geographic name entry element Colon
Linkage S62206.1
650 #2 - SUBJECT ADDED ENTRY--TOPICAL TERM
Topical term or geographic name entry element Rectum
Linkage S62207.1
740 0# - ADDED ENTRY--UNCONTROLLED RELATED/ANALYTICAL TITLE
Uncontrolled related/analytical title Manual on the office management of colon and rectal diseases.
949 ## - LOCAL PROCESSING INFORMATION (OCLC)
a RC860
w LC
i -23732
m MEDICAL
t BOOK
l ON-SHELF
Holdings
Withdrawn status Lost status Source of classification or shelving scheme Damaged status Not for loan Home library Current library Shelving location Total Checkouts Full call number Barcode Date last seen Copy number Price effective from Koha item type
    Library of Congress Classification     Medical Library Medical Library On Shelf   RC860 -23732 08/13/2019 1 08/13/2019 Book
© 2026 - The University of Zambia Library - Koha v25.11